Normal view
MARC view
- Supervisor : Dr. Kashif Javed
Entry Personal Name
001 - CONTROL NUMBER
- control field: 119487
003 - CONTROL NUMBER IDENTIFIER
- control field: NUST
005 - DATE AND TIME OF LATEST TRANSACTION
- control field: 20231206121508.0
008 - FIXED-LENGTH DATA ELEMENTS
- fixed length control field: 231206|| aca||aabn | a|a d
040 ## - CATALOGING SOURCE
- Original cataloging agency: NUST
- Transcribing agency: NUST
100 ## - HEADING--PERSONAL NAME
- Personal name: Supervisor : Dr. Kashif Javed
670 ## - SOURCE DATA FOUND
- Source citation: Work cat.: (NUST): Ahmed, Mudassar 119485, Detection of Lung Diseases through Medical Imaging using Deep Learning
